Libraries (Record no. 8201)

000 -LEADER
fixed length control field 00332nam a22001457a 4500
003 - CONTROL NUMBER IDENTIFIER
control field OSt
005 - DATE AND TIME OF LATEST TRANSACTION
control field 20200812131128.0
008 - FIXED-LENGTH DATA ELEMENTS--GENERAL INFORMATION
fixed length control field 200812b ||||| |||| 00| 0 eng d
020 ## - INTERNATIONAL STANDARD BOOK NUMBER
International Standard Book Number 9789881974068
082 ## - DEWEY DECIMAL CLASSIFICATION NUMBER
Classification number 020
110 ## - MAIN ENTRY--CORPORATE NAME
Corporate name or jurisdiction name as entry element Karty Lee
245 ## - TITLE STATEMENT
Title Libraries
260 ## - PUBLICATION, DISTRIBUTION, ETC. (IMPRINT)
Place of publication, distribution, etc Hong Kong
Name of publisher, distributor, etc Design media publishing
Date of publication, distribution, etc 2011
942 ## - ADDED ENTRY ELEMENTS (KOHA)
Source of classification or shelving scheme
Holdings
Withdrawn status Lost status Source of classification or shelving scheme Damaged status Koha normalized classification for sorting Not for loan Permanent location Current location Date acquired Total Checkouts Full call number Barcode Date last seen Date last borrowed Price effective from Koha item type Public note
        020_000000000000000   BMS College of Architecture, Design and Planning BMS College of Architecture, Design and Planning 2020-08-12 2 020 AR-UG1658 2024-09-17 2024-07-27 2020-08-12 UG Books S-02
Copyright © 2025, The Librarian, Library and Information Centre, BMSCA D&P, Bengaluru. All Rights Reserved
web counter

Powered by Koha